书目信息 |
| 题名: |
直到世界反映了灵魂最深层的需要
|
|
| 作者: | 格丽克 著 ;柳向阳 , 范静哗 译 | |
| 分册: | ||
| 出版信息: | 上海 上海人民出版社 2016 |
|
| 页数: | 363页 | |
| 开本: | 21cm | |
| 丛书名: | ||
| 单 册: | ||
| 中图分类: | I712.25 | |
| 科图分类: | ||
| 主题词: | 诗集--美国--现代 | |
| 电子资源: | ||
| ISBN: | 978-7-208-13400-3 | |
| 000 | 01624nam0 2200301 450 | |
| 001 | 2234076302 | |
| 005 | 20221008092817.60 | |
| 010 | @a978-7-208-13400-3@b精装@dCNY49.00 | |
| 100 | @a20160601d2016 em y0chiy50 ea | |
| 101 | 1 | @achi@ceng |
| 102 | @aCN@b310000 | |
| 105 | @ay z 000gy | |
| 200 | 1 | @a直到世界反映了灵魂最深层的需要@9zhi dao shi jie fan ying le ling hun zui shen ceng de xu yao@b专著@e露易丝·格丽克诗集@f(美)露易丝·格丽克著@g柳向阳,范静哗译 |
| 210 | @a上海@c上海人民出版社@d2016 | |
| 215 | @a363页@d21cm | |
| 300 | @a沉默的经典 第二辑 | |
| 312 | @a版权页英文题名:The firstborn, the house on marshland, descending figure, the triumph of Achilles, Ararat, Averno, a village life | |
| 314 | @a露易丝·格丽克 (Louise Gluck),美国桂冠诗人,生于一个匈牙利裔犹太人家庭,1968年出版处女诗集《头生子》,至今著有十二本诗集和一本诗随笔集,遍获各种诗歌奖项,包括普利策奖、国家图书奖、全国书评界奖、美国诗人学院华莱士·斯蒂文斯奖、波林根奖等。 | |
| 330 | @a本书完整收录了格丽克的《阿弗尔诺》(新英格兰笔会奖)和《村居生活两本诗集;此外还有早期五本诗集的精选,涉及的诗集为《头生子》、《沼泽地上的房屋》、《下降的形象》、《阿基里斯的胜利》、《阿勒山》。 | |
| 510 | 1 | @aFirstborn, the house on marshland, descending figure, the triumph of Achilles, Ararat, Averno, a village life@zeng |
| 517 | 1 | @a露易丝·格丽克诗集@9lu yi si · ge li ke shi ji |
| 606 | 0 | @a诗集@y美国@z现代 |
| 690 | @aI712.25@v5 | |
| 701 | 0 | @c(美)@a格丽克@9ge li ke@c(Gluck, Louise)@4著 |
| 702 | 0 | @a柳向阳@9liu xiang yang@4译 |
| 702 | 0 | @a范静哗@9fan jing hua@4译 |
| 801 | 0 | @aCN@b91MARC@c20160613 |
| 905 | @aZUCC@dI712.25@e5 | |
| 直到世界反映了灵魂最深层的需要:露易丝·格丽克诗集/(美)露易丝·格丽克著/柳向阳,范静哗译.-上海:上海人民出版社,2016 |
| 363页;21cm |
| 沉默的经典 第二辑 |
| ISBN 978-7-208-13400-3(精装):CNY49.00 |
| 本书完整收录了格丽克的《阿弗尔诺》(新英格兰笔会奖)和《村居生活两本诗集;此外还有早期五本诗集的精选,涉及的诗集为《头生子》、《沼泽地上的房屋》、《下降的形象》、《阿基里斯的胜利》、《阿勒山》。 |
| ● |
| 相关链接 |
|
|
|
正题名:直到世界反映了灵魂最深层的需要
索取号:I712.25/5
 
预约/预借
| 序号 | 登录号 | 条形码 | 馆藏地/架位号 | 状态 | 备注 |
| 1 | 2000912422 | 2000912422 | 第一书库/ [索取号:I712.25/5] | 在馆 | |
| 2 | 2000912423 | 2000912423 | 第一书库/ [索取号:I712.25/5] | 在馆 | |
| 3 | 2000912424 | 2000912424 | 第一书库/ [索取号:I712.25/5] | 在馆 |